000 00868 a2200241 4500
005 20081014123653.0
008 081014t xxu||||| |||| 00| 0 eng d
010 _aENG-91313
020 _a9788189913939
_c650.00
035 _aEN-74846
037 _bDBAD / PUB
040 _adpl
_bEnglish
082 _a331.89
245 _aIndustrial disputes and labour laws /
_cedited by Sabina
260 _aNew Delhi
_bAlfa Publications
_c2008
270 _a4398/5, Ansari Road, Darya Ganj
_bNew Delhi
_cDelhi
_e110002
300 _avi, 280 p
_c22 cm (Hb)
500 _aIncludes index
650 _aLabour disputes
700 _aSabina
942 _adpl
_cEN
_2ddc
_mIND
_h331.89
999 _c16694
_d16694